Drawn Flags #4 - Statistics

General Stats
  • This quiz has been taken 26 times
  • The average score is 33 of 39
Answer Stats
Picture Answer % Correct
Ecuador
100%
Georgia
100%
Latvia
100%
Malta
100%
Namibia
100%
Turkey
100%
Austria
95%
Indonesia
95%
Poland
95%
Andorra
89%
Armenia
89%
East Timor
89%
Gambia
89%
Kyrgyzstan
89%
Montenegro
89%
Trinidad & Tobago
89%
Tunisia
89%
Yemen
89%
Bahrain
84%
Canada
84%
Chad
84%
Egypt
84%
Malaysia
84%
South Sudan
84%
Switzerland
84%
Tonga
84%
Venezuela
84%
Vietnam
84%
Antigua & Barbuda
79%
Japan
79%
Mongolia
79%
Romania
79%
China
74%
Singapore
74%
Denmark
68%
Moldova
68%
Monaco
68%
South Africa
68%
Kiribati
63%
No matching quizzes found
Score Distribution
Percent of People with Each Score
Percentile by Number Answered
Your Score History
You have not taken this quiz